[Event "Lutsk Nebesna Sotnya Memorial blitz"]
[Site "Lutsk"]
[Date "2015.02.20"]
[Round "1"]
[White "Onischuk, Vladimir"]
[Black "Sidletsky, Andrey"]
[Result "1-0"]
[WhiteElo "2629"]
[BlackElo "1882"]
[PlyCount "51"]
[EventDate "2015.02.20"]
[EventType "swiss (blitz)"]
[EventRounds "22"]
[EventCountry "UKR"]
[SourceTitle "CBM 165 Extra"]
[Source "ChessBase"]
[SourceDate "2015.04.21"]
[SourceVersion "1"]
[SourceVersionDate "2015.04.21"]
[SourceQuality "1"]

1. e4 c5 2. Nf3 d6 3. d4 cxd4 4. Nxd4 Nf6 5. Nc3 a6 6. a4 e5 7. Nf3 Be6 8. Ng5 Bd7 9. Bc4 Be6 10. Bxe6 fxe6 11. Nxe6 Qc8 12. Nd5 Nxd5 13. exd5 Nd7 14. 0-0 Nf6 15. Bg5 Qd7 16. Bxf6 gxf6 17. Qh5+ Ke7 18. Ra3 Rc8 19. Rf3 Qe8 20. Qh3 Rc4 21. b3 Rb4 22. c4 Qg6 23. Re1 b5 24. Nd4 Kf7 25. Qe6+ Kg7 26. Nf5+ 1-0

[Event "UKR-ch sf"]
[Site "Alushta"]
[Date "2011.05.10"]
[Round "8"]
[White "Sidletsky, Andrey"]
[Black "Zhak, Boris Mikhailovich"]
[Result "1/2-1/2"]
[WhiteElo "1896"]
[BlackElo "1985"]
[PlyCount "224"]
[EventDate "2011.05.03"]
[EventType "swiss"]
[EventRounds "9"]
[EventCountry "UKR"]
[SourceTitle "CBM 142 Extra"]
[Source "ChessBase"]
[SourceDate "2011.06.27"]
[SourceVersion "1"]
[SourceVersionDate "2011.06.27"]
[SourceQuality "1"]

1. e4 c6 2. d4 d5 3. e5 Bf5 4. Nf3 h6 5. Bd3 Bxd3 6. Qxd3 e6 7. 0-0 Nd7 8. Nc3 Ne7 9. Ne2 Ng6 10. Ng3 Be7 11. Nh5 0-0 12. g3 c5 13. c3 cxd4 14. cxd4 Rc8 15. Be3 Qb6 16. h4 Rc7 17. Rac1 Rfc8 18. Rxc7 Rxc7 19. Rc1 Rxc1+ 20. Bxc1 Bf8 21. g4 Qc7 22. Qc3 Qxc3 23. bxc3 Nb6 24. Ng3 f6 25. h5 Ne7 26. Ne2 Nc6 27. Bf4 Kf7 28. Kf1 Nc4 29. exf6 gxf6 30. Bc1 b5 31. Nd2 N6a5 32. Nxc4 Nxc4 33. Ke1 a5 34. Kd1 b4 35. cxb4 axb4 36. Kc2 f5 37. gxf5 exf5 38. Nf4 Nb6 39. Ng6 Bg7 40. Be3 Nd7 41. Kb3 Nf6 42. Nf4 Bf8 43. f3 Bd6 44. Nd3 Nxh5 45. Bxh6 f4 46. Bg5 Kg6 47. Bd8 Ng3 48. Nxb4 Ne2 49. Nc2 Ng1 50. Ne1 Kf5 51. a4 Nxf3 52. Nxf3 Ke4 53. Ng5+ Kxd4 54. Bb6+ Kd3 55. a5 Bb8 56. a6 d4 57. Nf3 Ke4 58. Nxd4 Kd5 59. Kb4 Kd6 60. Kb5 Kd7 61. Nc6 Kc8 62. Bd4 f3 63. Bf2 Bf4 64. Nd4 Kb8 65. Nxf3 Ka8 66. Bb6 Bg3 67. Kc6 Bf4 68. Nd4 Bg3 69. Nb5 Bf4 70. Bc5 Bb8 71. Bd6 Ba7 72. Nc7+ Kb8 73. Nb5+ Ka8 74. Nc7+ Kb8 75. Ne6+ Ka8 76. Bc5 Bb8 77. Bb6 Bg3 78. Kb5 Bd6 79. a7 Bb8 80. axb8Q+ Kxb8 81. Kc6 Kc8 82. Nc7 Kb8 83. Bc5 Kc8 84. Ba7 Kd8 85. Nd5 Ke8 86. Kd6 Kf7 87. Bd4 Kg6 88. Ne3 Kg5 89. Ke5 Kh4 90. Kf4 Kh3 91. Bf6 Kh2 92. Kg4 Kh1 93. Bh4 Kh2 94. Be1 Kh1 95. Kg3 Kg1 96. Bc3 Kh1 97. Ng4 Kg1 98. Nf2 Kf1 99. Kf3 Kg1 100. Be5 Kf1 101. Nh3 Ke1 102. Ke3 Kf1 103. Nf4 Ke1 104. Nd5 Kf1 105. Kf3 Ke1 106. Bf4 Kd1 107. Nb4 Ke1 108. Be3 Kd1 109. Ke4 Ke2 110. Nc2 Kd1 111. Nd4 Ke1 112. Kf3 Kd1 1/2-1/2